| 000 | 00410nam a22001217a 4500 | ||
|---|---|---|---|
| 082 | _a200 THE | ||
| 100 |
_aMuhammad Junaid Khan _970067 |
||
| 245 | _aTH-SOF-1224-Pre-Processing of Electroencephalogram (EEG) signals for Movement onset Detection | ||
| 260 |
_aIslamabad _bNUST College of EME _c2001 |
||
| 650 | _a MS-COMPUTER ENGINEERING-73 MSTHESIS | ||
| 700 |
_aSupervisor Dr. Ali Hassan _969910 |
||
| 942 | _cCF | ||
| 999 |
_c577114 _d577114 |
||